[Event "PRO League Group Stage"]
[Site "chess.com INT"]
[Date "2018.02.14"]
[Round "6"]
[White "Rosenthal, Nicholas"]
[Black "Perez, Maximiliano"]
[Result "1/2-1/2"]
[BlackTitle "IM"]
[WhiteElo "2169"]
[BlackElo "2399"]
[WhiteTeam "Miami Champions"]
[BlackTeam "Buenos Aires Krakens"]
[WhiteFideId "2045150"]
[BlackFideId "117234"]
[EventDate "2018.01.18"]

1. e4 c5 2. Nf3 d6 3. Bb5+ Nd7 4. d4 a6 5. Bxd7+ Bxd7 6. Nc3 cxd4 7. Qxd4 e5 8.
Qd3 h6 9. Nd5 Nf6 10. c4 Nxd5 11. Qxd5 Bc6 12. Qd3 Be7 13. O-O O-O 14. Nd2 g6
15. Nb1 Kg7 16. Nc3 f5 17. Nd5 Bg5 18. Bxg5 hxg5 19. Rad1 Rc8 20. b3 b5 21. f3
bxc4 22. bxc4 Qa5 23. Ne7 Qc5+ 24. Kh1 Rc7 25. Qxd6 Qxd6 26. Rxd6 Rxe7 27. Rxc6
fxe4 28. Rxa6 g4 29. Ra3 exf3 30. gxf3 e4 31. f4 e3 32. Re1 e2 33. Kg2 Rxf4 34.
Rc3 Rfe4 35. c5 Rd7 36. Rc2 Rc7 37. c6 Kh6 38. Kf2 Rf7+ 39. Kg2 Rc7 40. Kf2 Rf7+
41. Kg2 Rc7 42. Kf2 1/2-1/2

[Event "PRO League Group Stage"]
[Site "chess.com INT"]
[Date "2018.02.14"]
[Round "6"]
[White "Rosenthal, Nicholas"]
[Black "Obregon, Andres Carlos"]
[Result "1-0"]
[BlackTitle "GM"]
[WhiteElo "2169"]
[BlackElo "2514"]
[WhiteTeam "Miami Champions"]
[BlackTeam "Buenos Aires Krakens"]
[WhiteFideId "2045150"]
[BlackFideId "111724"]
[EventDate "2018.01.18"]

1. e4 c5 2. Nf3 e6 3. d3 d5 4. Nbd2 Nc6 5. g3 g6 6. Bg2 Bg7 7. O-O Nge7 8. Re1
Qc7 9. c3 b6 10. d4 cxd4 11. Nxd4 Nxd4 12. cxd4 O-O 13. e5 Nc6 14. Nf3 Ba6 15.
Bg5 Rac8 16. Qd2 Na5 17. Rac1 Nc4 18. Qf4 Qd7 19. b3 Na3 20. Bf6 Nc2 21. Red1
Be2 22. Rd2 Bxf3 23. Rdxc2 Bxg2 24. Kxg2 Rxc2 25. Rxc2 Rc8 26. Rc1 Bf8 27. h4 h5
28. Rh1 Qb5 29. g4 Qe2 30. gxh5 Qxh5 31. Bg5 Rc2 32. Kg3 Ba3 33. f3 Rc3 34. Rd1
a6 35. Rf1 Rc2 36. Rf2 Rc8 37. Rf1 a5 38. Qd2 Rc7 39. Qd3 Be7 40. Bxe7 Rxe7 41.
Rc1 g5 42. Rc8+ Kg7 43. hxg5 Qxg5+ 44. Kf2 Qh4+ 45. Kg2 f5 46. exf6+ Kxf6 47.
Rg8 Qh6 48. Qe2 Rh7 49. Kf1 Qc1+ 50. Kf2 Kf7 51. Rg2 Rh5 52. Qe3 Qc2+ 53. Kg1
Qd1+ 54. Kf2 Rf5 55. Qc3 1-0

[Event "PRO League Group Stage"]
[Site "chess.com INT"]
[Date "2018.02.14"]
[Round "6"]
[White "Otchiyev, Arslan"]
[Black "Ansell, Simon T"]
[Result "1/2-1/2"]
[BlackTitle "IM"]
[WhiteElo "2369"]
[BlackElo "2340"]
[WhiteTeam "London Lions"]
[BlackTeam "London Towers"]
[WhiteFideId "14001780"]
[BlackFideId "402141"]
[EventDate "2018.01.18"]

1. e4 c5 2. Nf3 Nc6 3. d4 cxd4 4. Nxd4 e5 5. Nb5 d6 6. a4 Be6 7. Be2 Be7 8. N1c3
a6 9. Na3 Nf6 10. Bg5 Nb4 11. Nc4 O-O 12. Bxf6 Bxf6 13. Ne3 Rc8 14. O-O Bg5 15.
Ned5 Bxd5 16. exd5 Qa5 17. Ne4 Be7 18. c3 Qxd5 19. Bf3 Qxd1 20. Rfxd1 d5 21.
cxb4 dxe4 22. Bxe4 Rc7 23. b5 axb5 24. axb5 Bc5 25. Rac1 Rfc8 26. Rc2 Bd4 27.
Rdc1 Rxc2 28. Rxc2 Rxc2 29. Bxc2 b6 30. b3 g6 31. Kf1 f5 32. Ke2 Kf7 33. Bd3 Kf6
34. Bc4 Bc5 35. f3 Kg5 36. Bg8 h5 37. Bf7 Kf6 38. Be8 h4 39. h3 Bd4 40. Kd3 Bg1
41. Ke2 Kg5 42. Bf7 Bc5 43. Be8 e4 44. fxe4 fxe4 45. Bc6 Kf4 46. Bd5 g5 47. Bb7
Ke5 48. Bc6 Kf4 49. Bd5 Ke5 50. Bc6 Kf4 51. Bd5 Ke5 52. Bc6 Kf4 53. Bd5 Ke5 54.
Bc6 Kf4 55. Bd5 1/2-1/2

[Event "PRO League Group Stage"]
[Site "chess.com INT"]
[Date "2018.02.14"]
[Round "6"]
[White "Meier, Georg"]
[Black "Maurizzi, Marc Andria"]
[Result "1-0"]
[WhiteTitle "GM"]
[BlackTitle "CM"]
[WhiteElo "2647"]
[BlackElo "2018"]
[WhiteTeam "Stockholm Snowballs"]
[BlackTeam "Marseille Migraines"]
[WhiteFideId "4675789"]
[BlackFideId "36083534"]
[EventDate "2018.01.18"]

1. Nf3 Nf6 2. d4 e6 3. Bf4 c5 4. e3 Nc6 5. c3 d5 6. Nbd2 Be7 7. Bd3 O-O 8. a3
Nh5 9. Bg3 f5 10. Qe2 cxd4 11. cxd4 Qb6 12. Rb1 Bd7 13. Be5 Nf6 14. O-O Be8 15.
Rfc1 Bh5 16. Qe1 Ne4 17. Bg3 Rac8 18. b4 Nxd2 19. Nxd2 Bg6 20. Nb3 f4 21. Bxg6
fxg3 22. Bxh7+ Kxh7 23. hxg3 1-0

[Event "PRO League Group Stage"]
[Site "chess.com INT"]
[Date "2018.02.14"]
[Round "6"]
[White "Harikrishna, Pentala"]
[Black "Studer, Noel"]
[Result "1/2-1/2"]
[WhiteTitle "GM"]
[BlackTitle "GM"]
[WhiteElo "2745"]
[BlackElo "2476"]
[WhiteTeam "Delhi Dynamite"]
[BlackTeam "Riga Magicians"]
[WhiteFideId "5007003"]
[BlackFideId "1319620"]
[EventDate "2018.01.18"]

1. e4 e6 2. d4 d5 3. Nc3 dxe4 4. Nxe4 Nd7 5. Nf3 Ngf6 6. Bd3 c5 7. O-O Nxe4 8.
Bxe4 Nf6 9. Bg5 cxd4 10. Nxd4 Bc5 11. Nb3 Qxd1 12. Raxd1 Be7 13. Bf3 Nd5 14. Bc1
O-O 15. c4 Nb4 16. a3 Nc6 17. Bf4 e5 18. Bxc6 exf4 19. Bd5 Bf6 20. Nd4 Rb8 21.
b4 Rd8 22. Rfe1 Bd7 23. b5 h5 24. h3 g5 25. a4 Kg7 26. Re4 Rh8 27. Rde1 Rh6 28.
c5 g4 29. Rxf4 gxh3 30. Bxb7 Bxd4 31. Rxd4 Rxb7 32. c6 Bxc6 33. bxc6 Rxc6 34. g3
Rf6 35. Re2 Rb1+ 36. Kh2 Rf1 37. Rdd2 Ra1 38. Ra2 Rxa2 39. Rxa2 a5 40. Rc2 h4
41. Kxh3 hxg3 42. fxg3 Rf5 43. Rc6 Rd5 44. Ra6 f6 1/2-1/2

[Event "PRO League Group Stage"]
[Site "chess.com INT"]
[Date "2018.02.14"]
[Round "6"]
[White "Hammer, Jon Ludvig"]
[Black "Manukian, Artak"]
[Result "1-0"]
[WhiteTitle "GM"]
[WhiteElo "2621"]
[BlackElo "2196"]
[WhiteTeam "Norway Gnomes"]
[BlackTeam "Armenia Eagles"]
[WhiteFideId "1503707"]
[BlackFideId "13301373"]
[EventDate "2018.01.18"]

1. d4 Nf6 2. Nf3 d5 3. c4 e6 4. Nc3 a6 5. cxd5 exd5 6. Bg5 Be6 7. e3 Nbd7 8. h3
Bd6 9. Bd3 h6 10. Bf4 Qe7 11. O-O O-O 12. a3 c6 13. Nd2 Rfe8 14. b4 Nf8 15. Nb3
Rad8 16. Bxd6 Rxd6 17. a4 N6h7 18. Ne2 Ng6 19. b5 axb5 20. axb5 Ng5 21. Nf4 Nxf4
22. exf4 Ne4 23. Qe1 Rdd8 24. bxc6 bxc6 25. f3 Nd6 26. g4 Qf6 27. Qg3 Rb8 28.
Rab1 Nc4 29. f5 Bd7 30. Qf2 Qd6 31. Nc5 Rxb1 32. Rxb1 Bc8 33. Re1 Rd8 34. Kg2
Nb6 35. Qg3 Qxg3+ 36. Kxg3 Nd7 37. Nb3 Kf8 38. Rc1 Nb8 39. Na5 Rd6 40. Rb1 Nd7
41. Rc1 Nb8 42. Bc2 Ke7 43. Ba4 Kd7 44. h4 Kc7 45. Re1 Kd8 46. Kf4 f6 47. Kg3
Kd7 48. Rb1 Kc7 49. Kf2 c5 50. dxc5 Ra6 51. Rb5 Ra7 52. c6 Nxc6 53. Nxc6 Rxa4
54. Ne7 Bb7 55. Nxd5+ Kc6 56. Rb6+ Kxd5 57. Rxb7 h5 58. Rxg7 hxg4 59. Rxg4 Ra2+
60. Kg3 Ke5 61. h5 Kxf5 62. h6 Ra8 63. h7 Rh8 64. Rg7 Ke6 65. Kf4 f5 66. Kg5 Rf8
67. Rg8 Rf7 68. h8=Q 1-0

[Event "PRO League Group Stage"]
[Site "chess.com INT"]
[Date "2018.02.14"]
[Round "6"]
[White "Gonzalez, Renier"]
[Black "Villanueva, Mario"]
[Result "1/2-1/2"]
[WhiteTitle "GM"]
[BlackTitle "IM"]
[WhiteElo "2451"]
[BlackElo "2466"]
[WhiteTeam "Miami Champions"]
[BlackTeam "Buenos Aires Krakens"]
[WhiteFideId "3501841"]
[BlackFideId "113433"]
[EventDate "2018.01.18"]

1. e4 e6 2. d3 c5 3. Nf3 Nc6 4. g3 Nge7 5. Bg2 d5 6. Qe2 g6 7. O-O Bg7 8. e5 h6
9. h4 O-O 10. c3 f6 11. exf6 Rxf6 12. Re1 e5 13. Nbd2 Bg4 14. Qf1 Qd6 15. c4
Raf8 16. cxd5 Bxf3 17. Nxf3 Nxd5 18. Qe2 Ndb4 19. Be3 Nxd3 20. Red1 c4 21. Ne1
Nd4 22. Bxd4 Qxd4 23. Nxd3 cxd3 24. Rxd3 Rxf2 25. Rxd4 Rxe2 26. Rd6 e4 27. Rf1
Rxf1+ 28. Kxf1 Rxb2 29. Bxe4 g5 30. hxg5 hxg5 31. Rd7 Be5 32. Rxb7 Rxb7 33. Bxb7
Bxg3 34. Kg2 1/2-1/2

[Event "PRO League Group Stage"]
[Site "chess.com INT"]
[Date "2018.02.14"]
[Round "6"]
[White "Pavasovic, Dusko"]
[Black "Klein, David"]
[Result "1/2-1/2"]
[WhiteTitle "GM"]
[BlackTitle "GM"]
[WhiteElo "2540"]
[BlackElo "2501"]
[WhiteTeam "Ljubljana Turtles"]
[BlackTeam "Amsterdam Mosquitoes"]
[WhiteFideId "14600986"]
[BlackFideId "1003623"]
[EventDate "2018.01.18"]

1. e4 c5 2. Nf3 e6 3. c3 Nf6 4. e5 Nd5 5. Bc4 d6 6. d4 cxd4 7. cxd4 Nb6 8. Bb3
Nc6 9. Qe2 dxe5 10. dxe5 Nb4 11. O-O Qd3 12. Qd1 Bd7 13. Nc3 Bc6 14. Nd4 Qxd1
15. Rxd1 Bc5 16. Nxc6 bxc6 17. Ne4 Be7 18. Be3 N4d5 19. Bc5 Bxc5 20. Nxc5 Ke7
21. Rac1 Rhc8 22. Rd2 a5 23. a3 Rab8 24. Bd1 Nd7 25. Nxd7 Kxd7 26. Ba4 Rb6 27.
g3 Kc7 28. Rc5 Ra6 29. h4 Kb7 30. h5 Rc7 31. Rdc2 g6 32. Rd2 Kb6 33. Rdc2 Kb7
34. Kg2 Ne7 35. R2c4 Kb6 36. Bd1 Ra8 37. Bf3 Rd8 38. Rc2 Rd3 39. R5c4 Rdd7 40.
b4 Rd3 41. bxa5+ Kxa5 42. Bxc6 gxh5 43. Be8 Rxc4 44. Rxc4 Rxa3 45. Bxf7 Ra4 46.
Bxe6 Rxc4 47. Bxc4 h4 48. gxh4 Ng6 49. e6 Nxh4+ 50. Kg3 Ng6 51. f4 Ne7 52. Bd3
Kb6 53. f5 Nd5 54. Be4 Nf6 55. Kf4 Kc7 56. Ke5 Ng4+ 57. Kd5 Nf6+ 58. Ke5 Ng4+
59. Kf4 Nf6 60. Bf3 Kd6 61. Kg5 Ke7 62. Kh6 Ne8 63. Kxh7 Kf6 64. Bg4 Ke7 65. Kg6
Nf6 66. Kg5 Nd5 67. Bf3 Nf6 68. Bg2 Ne8 69. Kf4 Nf6 70. Ke5 Ne8 71. Bf3 Nf6 72.
Be4 Ng4+ 73. Kd5 Nf6+ 74. Ke5 Ng4+ 75. Kf4 Nf6 76. Bf3 Ne8 77. Ke5 Nf6 78. Kd4
Ne8 79. Kc5 Nf6 80. Kc6 Ne8 81. Kd5 Nf6+ 82. Ke5 Ne8 83. Bc6 Nf6 84. Bb5 Ng4+
85. Kf4 Nf6 86. Bc6 Nh5+ 87. Kg4 Nf6+ 88. Kg5 Ng8 89. Bf3 Nf6 1/2-1/2

[Event "PRO League Group Stage"]
[Site "chess.com INT"]
[Date "2018.02.14"]
[Round "6"]
[White "Grandelius, Nils"]
[Black "Petrosyan, Manuel"]
[Result "1/2-1/2"]
[WhiteTitle "GM"]
[BlackTitle "GM"]
[WhiteElo "2647"]
[BlackElo "2570"]
[WhiteTeam "Norway Gnomes"]
[BlackTeam "Armenia Eagles"]
[WhiteFideId "1710400"]
[BlackFideId "13300857"]
[EventDate "2018.01.18"]

1. c4 e5 2. Nc3 Nc6 3. Nf3 g6 4. d4 exd4 5. Nxd4 Bg7 6. Nxc6 bxc6 7. g3 d6 8.
Bg2 Bd7 9. O-O Ne7 10. Bf4 Rb8 11. Qd2 O-O 12. b3 c5 13. Bh6 Bc6 14. Bxg7 Kxg7
15. Rad1 Bxg2 16. Kxg2 Qd7 17. Rfe1 f6 18. Qd3 Nc6 19. Qd5 Rbd8 20. Kg1 Ne7 21.
Qf3 a6 22. Na4 Qc6 23. Qxc6 Nxc6 24. Nc3 Nb4 25. Rd2 f5 26. Kg2 Rde8 27. e3 g5
28. h3 Rf7 29. Nd5 Nxd5 30. Rxd5 h6 31. Kf3 a5 32. Ke2 Kg6 33. Kd2 Rfe7 34. Rg1
Re5 35. Rxe5 Rxe5 36. f4 Re8 37. Kd3 a4 38. g4 axb3 39. axb3 gxf4 40. exf4 Re4
41. Rf1 Kf6 42. Rf3 c6 43. Rf1 d5 44. cxd5 cxd5 45. Rc1 Rxf4 46. Rxc5 Ke5 47.
gxf5 Rf3+ 48. Ke2 Rxf5 49. b4 Kd4 50. Rc8 Rh5 51. b5 Rxh3 52. b6 Rb3 53. Rb8 h5
54. Kd2 Rb2+ 55. Kc1 Rb5 56. b7 Rb6 57. Kd2 Rb2+ 58. Kc1 Rb4 59. Kd2 Rb2+ 60.
Kc1 Rb6 61. Kd2 Rb5 62. Rh8 Rb2+ 63. Kc1 Rxb7 64. Rxh5 Rg7 65. Kd2 Rg2+ 66. Kd1
Kc4 67. Rh3 d4 68. Rf3 Rg4 69. Rh3 Re4 70. Kd2 Rf4 71. Rg3 Rf2+ 72. Kd1 Rb2 73.
Rh3 Ra2 74. Rg3 Ra8 75. Kd2 1/2-1/2

[Event "PRO League Group Stage"]
[Site "chess.com INT"]
[Date "2018.02.14"]
[Round "6"]
[White "Grandelius, Nils"]
[Black "Andriasian, Zaven"]
[Result "1/2-1/2"]
[WhiteTitle "GM"]
[BlackTitle "GM"]
[WhiteElo "2647"]
[BlackElo "2585"]
[WhiteTeam "Norway Gnomes"]
[BlackTeam "Armenia Eagles"]
[WhiteFideId "1710400"]
[BlackFideId "13302000"]
[EventDate "2018.01.18"]

1. Nf3 d5 2. g3 Bg4 3. Bg2 Nd7 4. h3 Bh5 5. O-O Ngf6 6. d4 e6 7. c4 c6 8. cxd5
Bxf3 9. dxe6 Bxg2 10. exd7+ Qxd7 11. Kxg2 Be7 12. Nc3 O-O 13. Bg5 Rfe8 14. e3
Nd5 15. Bxe7 Rxe7 16. Qf3 Nf6 17. Rfd1 Rae8 18. Rac1 Ne4 19. Nxe4 Rxe4 20. b4 a6
21. a4 R4e6 22. Rc5 g6 23. b5 axb5 24. axb5 cxb5 25. Rdc1 R8e7 26. Rb1 Rb6 27.
Rb4 Kg7 28. Qd5 Rd6 29. Qb3 b6 30. Rcxb5 Qb7+ 31. d5 f5 32. Qb2+ Kg8 33. Kh2
Red7 34. Rxb6 Rxb6 35. Rxb6 Qxd5 36. Qc3 Qd2 37. Rb8+ Kf7 38. Qc4+ Ke7 39. Qh4+
Ke6 40. Rb6+ Kd5 41. Qf4 Kc5 42. Rb8 Kd5 43. Re8 Qc3 44. e4+ fxe4 45. Qxe4+ Kd6
46. Qf4+ Kd5 47. Re3 Qd4 48. Qf3+ Kc5 49. Rc3+ Kb4 50. Re3 Kc5 51. Re4 Qd2 52.
Re5+ Kd6 53. Re2 Qd4 54. Re3 Kc5 1/2-1/2

[Event "PRO League Group Stage"]
[Site "chess.com INT"]
[Date "2018.02.14"]
[Round "6"]
[White "Kukk, Sander"]
[Black "Urkedal, Frode"]
[Result "0-1"]
[BlackTitle "GM"]
[WhiteElo "2178"]
[BlackElo "2572"]
[WhiteTeam "Estonia Horses"]
[BlackTeam "Oslo Trolls"]
[WhiteFideId "4502094"]
[BlackFideId "1506102"]
[EventDate "2018.01.18"]

1. b3 Nf6 2. Bb2 g6 3. e3 Bg7 4. Nf3 O-O 5. d4 c5 6. Nbd2 d5 7. Be2 Nc6 8. O-O
Ne4 9. Ne5 Nxe5 10. dxe5 Qc7 11. f4 Bf5 12. Bf3 Rfd8 13. Qe2 h5 14. Rfd1 Rd7 15.
g3 Rad8 16. Kg2 f6 17. exf6 Bxf6 18. Bxf6 exf6 19. h3 Nc3 20. Qf2 Nxd1 21. Bxd1
Be4+ 22. Kh2 f5 23. Nf3 d4 24. exd4 Bxf3 25. Bxf3 Rxd4 26. Re1 Rd2 27. Re2 Rxe2
28. Qxe2 h4 29. c4 hxg3+ 30. Kxg3 Rd4 31. Kg2 Kg7 32. Bd5 Rxf4 33. Qe8 Rd4 34.
b4 Rd2+ 35. Kf3 Rd3+ 36. Ke2 Rxh3 37. Qg8+ Kf6 38. Qe6+ Kg5 39. Kd1 cxb4 40. Qe2
Rg3 41. Kc2 b5 42. Kb2 Qg7+ 43. Kb1 Rg1+ 0-1

[Event "PRO League Group Stage"]
[Site "chess.com INT"]
[Date "2018.02.14"]
[Round "6"]
[White "Kukk, Sander"]
[Black "Haug, Johannes"]
[Result "0-1"]
[BlackTitle "FM"]
[WhiteElo "2178"]
[BlackElo "2357"]
[WhiteTeam "Estonia Horses"]
[BlackTeam "Oslo Trolls"]
[WhiteFideId "4502094"]
[BlackFideId "1509268"]
[EventDate "2018.01.18"]

1. b3 Nf6 2. Bb2 b6 3. e3 Bb7 4. Nf3 e6 5. d4 d5 6. Nbd2 Nbd7 7. Bd3 Bd6 8. O-O
O-O 9. Qe2 Ne4 10. Rfd1 Ndf6 11. Ne5 Qe7 12. a4 Bb4 13. Nxe4 Nxe4 14. Bxe4 dxe4
15. c3 Bd6 16. Nc4 Ba6 17. Qh5 Bxc4 18. bxc4 f5 19. a5 Rf6 20. h3 Rh6 21. Qe2
Rf8 22. axb6 axb6 23. f4 exf3 24. Qxf3 Rg6 25. e4 Rg3 26. Qe2 f4 27. Rd2 f3 28.
Qe1 Qg5 0-1

[Event "PRO League Group Stage"]
[Site "chess.com INT"]
[Date "2018.02.14"]
[Round "6"]
[White "Barseghyan, Harutyun"]
[Black "Stefansson, Hannes"]
[Result "1/2-1/2"]
[BlackTitle "GM"]
[WhiteElo "2467"]
[BlackElo "2523"]
[WhiteTeam "Cannes Blockbusters"]
[BlackTeam "Reykjavik Puffins"]
[WhiteFideId "13304585"]
[BlackFideId "2300087"]
[EventDate "2018.01.18"]

1. d4 d5 2. Bf4 Nf6 3. e3 Bf5 4. c4 e6 5. Nc3 Bd6 6. Bxd6 Qxd6 7. Qb3 Qb6 8. c5
Qxb3 9. axb3 Nc6 10. Bb5 O-O 11. Bxc6 bxc6 12. Kd2 Rfb8 13. Ra3 Rb7 14. Nge2
Rab8 15. Nc1 e5 16. f3 exd4 17. exd4 Rb4 18. Ra4 Rxa4 19. Nxa4 Nd7 20. Re1 Nf8
21. Kc3 Ne6 22. Ne2 h5 23. b4 Rb5 24. b3 a5 25. bxa5 Rxa5 26. g3 g5 27. Nc1 Rb5
28. Re3 Kf8 29. Nd3 Bxd3 30. Rxd3 Ke7 31. Re3 f6 32. Nb2 Ra5 33. Na4 Ra8 34. Re1
h4 35. Nb2 hxg3 36. hxg3 Rh8 37. Nd3 Rh3 38. Rg1 Ng7 39. Nf2 Rh2 40. Ng4 Re2 41.
Kd3 Rb2 42. Kc3 Ra2 43. Nh6 f5 44. Re1+ Kf8 45. g4 Rf2 46. gxf5 Rxf3+ 47. Kd2
Nxf5 48. Nxf5 Rxf5 49. Re6 Rf7 50. Rxc6 Kg7 51. Re6 g4 52. Ke2 Kh7 53. b4 Rf4
54. b5 g3 55. Re3 Rxd4 56. Rxg3 Rb4 57. Re3 Rxb5 58. Re7+ Kg6 59. Rxc7 Kf6 60.
Kd3 Ke6 61. Kc3 1/2-1/2

[Event "PRO League Group Stage"]
[Site "chess.com INT"]
[Date "2018.02.14"]
[Round "6"]
[White "Agrest, Inna"]
[Black "Maurizzi, Marc Andria"]
[Result "0-1"]
[WhiteTitle "WIM"]
[BlackTitle "CM"]
[WhiteElo "2280"]
[BlackElo "2018"]
[WhiteTeam "Stockholm Snowballs"]
[BlackTeam "Marseille Migraines"]
[WhiteFideId "1708830"]
[BlackFideId "36083534"]
[EventDate "2018.01.18"]

1. e4 c5 2. Nf3 Nc6 3. d4 cxd4 4. Nxd4 Nf6 5. Nc3 e5 6. Ndb5 d6 7. Bg5 a6 8. Na3
Be6 9. Nc4 Rb8 10. a4 h6 11. Bxf6 Qxf6 12. Nd5 Bxd5 13. Qxd5 Nb4 14. Qd2 d5 15.
exd5 Rd8 16. Ne3 Bc5 17. Bc4 Qg6 18. O-O O-O 19. Rad1 Nc6 20. c3 e4 21. Qe2 Ne5
22. Kh1 f5 23. b4 Ba7 24. d6+ Kh8 25. Nd5 Rxd6 26. Nf4 Qf6 27. Bd5 Ng4 28. h3
Qe5 29. g3 Nxf2+ 30. Rxf2 Bxf2 31. Qxf2 g5 32. c4 gxf4 33. gxf4 Qc3 34. Kh2 Rg6
35. Rg1 Rxg1 0-1

[Event "PRO League Group Stage"]
[Site "chess.com INT"]
[Date "2018.02.14"]
[Round "6"]
[White "Kovalenko, Igor"]
[Black "Harikrishna, Pentala"]
[Result "1/2-1/2"]
[WhiteTitle "GM"]
[BlackTitle "GM"]
[WhiteElo "2635"]
[BlackElo "2745"]
[WhiteTeam "Riga Magicians"]
[BlackTeam "Delhi Dynamite"]
[WhiteFideId "14117908"]
[BlackFideId "5007003"]
[EventDate "2018.01.18"]

1. e4 e5 2. Nf3 Nc6 3. Nc3 Nf6 4. d4 exd4 5. Nxd4 Bb4 6. Nxc6 bxc6 7. Bd3 O-O 8.
O-O d5 9. exd5 cxd5 10. h3 c6 11. Qf3 Rb8 12. Re1 Bd6 13. b3 Re8 14. Bf4 Rxe1+
15. Rxe1 Be6 16. Na4 Qc7 17. Bxd6 Qxd6 18. Qg3 Qxg3 19. fxg3 Nd7 20. Kf2 h6 21.
Ke3 Kf8 22. Rc1 c5 23. c3 Ke7 24. Be2 Kd6 25. Bf3 Ne5 26. h4 Bg4 27. Rd1 Bxf3
28. gxf3 g5 29. hxg5 hxg5 30. Rh1 Re8 31. Rh6+ Re6 32. Rxe6+ fxe6 33. Nb2 Nc6
34. f4 gxf4+ 35. gxf4 e5 36. fxe5+ Nxe5 37. Nd1 Nc6 38. Nf2 a5 39. Nh3 Ke5 40.
Ng5 d4+ 41. Kd3 dxc3 42. Kxc3 Kd5 43. Nh3 Ne5 44. Nf4+ Kc6 45. a3 Kd6 46. Ng2 a4
47. bxa4 Kc6 48. Nf4 Kb6 49. Ne6 Nd7 50. Kc4 Ka5 51. Nxc5 Nxc5 52. Kxc5 Kxa4 53.
Kd5 Kxa3 1/2-1/2

[Event "PRO League Group Stage"]
[Site "chess.com INT"]
[Date "2018.02.14"]
[Round "6"]
[White "Haug, Johannes"]
[Black "Ehlvest, Jaan"]
[Result "1/2-1/2"]
[WhiteTitle "FM"]
[BlackTitle "GM"]
[WhiteElo "2357"]
[BlackElo "2536"]
[WhiteTeam "Oslo Trolls"]
[BlackTeam "Estonia Horses"]
[WhiteFideId "1509268"]
[BlackFideId "4500016"]
[EventDate "2018.01.18"]

1. d4 Nf6 2. c4 d6 3. Nf3 Nbd7 4. Nc3 g6 5. g3 Bg7 6. Bg2 O-O 7. O-O e5 8. e4 a6
9. b3 exd4 10. Nxd4 Re8 11. Re1 Ng4 12. Qxg4 Bxd4 13. Bb2 Ne5 14. Qd1 c5 15. Na4
Bg4 16. Qd2 b5 17. Bxd4 cxd4 18. Nb2 Qf6 19. f4 Nf3+ 20. Bxf3 Bxf3 21. Qd3 Bg4
22. cxb5 axb5 23. Qxb5 d3 24. Nxd3 Rxe4 25. Nf2 Rxe1+ 26. Rxe1 Bf3 27. Qd3 Bb7
28. a4 Rc8 29. a5 h5 30. a6 Ba8 31. Ne4 Qf5 32. Qd4 Bxe4 33. Qxe4 Qa5 34. Qe2
Qb6+ 35. Qf2 Qxa6 36. f5 Qa5 37. fxg6 fxg6 38. Rd1 Qc5 39. Qxc5 dxc5 40. Rc1 Rb8
41. Rxc5 Rxb3 42. Rc7 Rb2 1/2-1/2

[Event "PRO League Group Stage"]
[Site "chess.com INT"]
[Date "2018.02.14"]
[Round "6"]
[White "Ruiz Castillo, Joshua Daniel"]
[Black "Orlov, Georgi"]
[Result "1/2-1/2"]
[WhiteTitle "IM"]
[BlackTitle "IM"]
[WhiteElo "2368"]
[BlackElo "2481"]
[WhiteTeam "Rio Grande Ospreys"]
[BlackTeam "Seattle Sluggers"]
[WhiteFideId "4400704"]
[BlackFideId "2011271"]
[EventDate "2018.01.18"]

1. e4 e5 2. Nf3 Nc6 3. Bb5 a6 4. Ba4 Nf6 5. O-O Nxe4 6. d4 b5 7. Bb3 d5 8. dxe5
Be6 9. c3 Bc5 10. Nbd2 O-O 11. Qe2 Bf5 12. a4 Rb8 13. axb5 axb5 14. Ra6 Bb6 15.
Nxe4 dxe4 16. Ng5 Qd3 17. Qxd3 exd3 18. e6 fxe6 19. Nxe6 Bxe6 20. Bxe6+ Kh8 21.
Bd7 Ne5 22. Bxb5 Rbd8 23. Bd2 Ng4 24. h3 Bxf2+ 25. Kh1 Bg3 26. Rxf8+ Rxf8 27.
Ra1 Nf2+ 28. Kg1 Ne4 29. Be3 d2 30. Be2 Be1 31. Bf3 Ng3 32. Rd1 Rd8 33. b4 h5
34. Bf4 Rd3 35. Be5 Re3 36. Bxc7 Rxc3 37. Bxg3 Bxg3 38. Rxd2 g6 39. Kf1 Rb3 40.
Rd4 Rb2 41. Be4 Rf2+ 42. Kg1 Re2 43. Rd8+ Kg7 44. Bd3 Rd2 45. Kf1 Rf2+ 46. Kg1
Rd2 47. Kf1 Rf2+ 48. Kg1 Rd2 49. Kf1 Rf2+ 50. Kg1 Rd2 51. Kf1 Rf2+ 52. Kg1 Rd2 1/2-1/2

[Event "PRO League Group Stage"]
[Site "chess.com INT"]
[Date "2018.02.14"]
[Round "6"]
[White "Ju, Wenjun"]
[Black "Ravuri, Vinesh"]
[Result "1/2-1/2"]
[WhiteTitle "GM"]
[WhiteElo "2572"]
[BlackElo "1990"]
[WhiteTeam "Chengdu Pandas"]
[BlackTeam "San Jose Hackers"]
[WhiteFideId "8603006"]
[BlackFideId "45042632"]
[EventDate "2018.01.18"]

1. d4 Nf6 2. Nf3 g6 3. g3 Bg7 4. Bg2 O-O 5. O-O d6 6. c4 c6 7. Nc3 Qa5 8. e4 e5
9. Re1 Nbd7 10. d5 cxd5 11. cxd5 b5 12. a3 a6 13. Bd2 Qd8 14. Rc1 Bb7 15. h3 Nc5
16. Be3 Nfxe4 17. Nxe4 Nxe4 18. Nd2 Nf6 19. Nb1 Rc8 20. Nc3 Nd7 21. h4 f5 22. h5
f4 23. Bd2 Nc5 24. hxg6 hxg6 25. Qg4 fxg3 26. fxg3 Qd7 27. Qxg6 Rf6 28. Qh5 Rf5
29. Qe2 Nb3 30. Rcd1 Nd4 31. Qe4 Qf7 32. Rf1 Rc4 33. Qd3 Bc8 34. Ne4 Qh5 35.
Rde1 Rxf1+ 36. Qxf1 Rc2 37. Nf6+ Bxf6 38. Qxf6 Rxd2 39. Qd8+ Kg7 40. Qxc8 Ne2+
41. Rxe2 Qxe2 42. Qd7+ Kh8 43. Qe8+ Kg7 44. Qe7+ Kg8 45. Qe8+ Kg7 46. Qe7+ Kg8
47. Qe8+ Kg7 1/2-1/2